Statistics for Don't play this Pokemon quiz

Click here to take the quiz!

General Stats

  • This quiz has been taken 14 times
  • The average score is 2 of 11

Answer Stats

HintAnswer% Correct
Which character in the Pokemon manga was tasked by Professor Oak with catching Jirachi and defeat all of the frontier brains within 7 days?Emerald
70%
How many collective souls make up a Spiritomb?108
60%
What is the exact date Pokemon: The Rise of Darkrai was released in the United States (DD/MM/YYYY)?24/02/2008
20%
Which Pokemon has the Japanese name ツボツボ (Tsubotsubo)?Shuckle
20%
If a level 100 Galarian Meowth is forced to pay war reparations of 20 billion Pokedollars, how many times would it need to use the move Pay Day to pay it back?40000000
10%
If a banana has 89 calories, how many Tropius would it take to feed a fully grown woman the recommended daily number of calories?8
10%
Which Pokemon was the only Metal type card introduced in the English version of the McDonald's Collection 2019 for the TCG?Alolan Dugtrio
10%
List the acronyms for the core series Pokemon games in order without spacesRGBYGSCRSEFRLGDPPtHGSSBWB2W2XYORASSMUSUMPESwShBDSPLA
10%
What is the maximum amount of damage a Pokemon can do?721899048
0%
What is the name of the final boss in Pokemon Rumble Blast?Dark Rust
0%
What is the 19th slowest Pokemon by base speed?Sandygast
0%

Score Distribution

Percentile by Number Answered

Percent of People with Each Score

Your Score History

You have not taken this quiz